000 01113nam a2200301 i 4500
001 32207
003 BD-RjUL
005 20211209051813.0
008 140424s1965 enk d 00010ceng d
020 _a0330029649 (pbk) :
035 _a(BD-RjUL)32296
035 _a(BD-RjUL)
040 _aBD-RjUL
_beng
_cBD-RjUL
041 _aeng
082 _a820.9
_218
_bBRE 1965
100 1 _aBrowning, D. C.
_q(David Clayton),
_d1894-
_998019
245 1 0 _aEveryman's dictionary of literary biography :
_bEnglish & American /
_ccompiled after John W. Cousin by D.C. Browning.
250 _aRevised ed.
260 0 _aLondon :
_bPan Books,
_c1965.
300 _axi, 769 p. ;
_c20 cm.
490 0 _aPan reference books
500 _aEnglish literature. Biographical dictionaries (BNB/PRECIS)
500 _aPrevious ed., London: Dent, 1969. - Based on John W. Cousin's 'Biographical dictionary of English literature'. London: Dent, 1958.
650 0 _aAuthors, English.
_998020
700 1 _aCousin, John W.
_tBiographical dictionary of English literature.
_kAdaptations.
_998021
942 _2ddc
_cBK
999 _c32207
_d32207